000 00289nam a2200121Ia 4500
008 240731s9999 xx 000 0 und d
022 _a1465-3931
245 0 _aPathology
260 _bTaylor & Francis
856 _uhttps://www.tandfonline.com/loi/ipat20
942 _2ddc
942 _cTFEJ
999 _c78871
_d78871
945 _a1
_bMadushi Gamage
_c1
_dMadushi Gamage